Impact of early marriage on reproductive health: a case in Bangladesh (Record no. 510930)

000 -LEADER
fixed length control field 00464nam a22001457a 4500
008 - FIXED-LENGTH DATA ELEMENTS--GENERAL INFORMATION
fixed length control field 190904b ||||| |||| 00| 0 eng d
100 ## - MAIN ENTRY--PERSONAL NAME
Personal name Khan, Abdullah Abusayed et al
245 ## - TITLE STATEMENT
Title Impact of early marriage on reproductive health: a case in Bangladesh
260 ## - PUBLICATION, DISTRIBUTION, ETC. (IMPRINT)
Date of publication, distribution, etc 2019
300 ## - PHYSICAL DESCRIPTION
Extent p.64-77.
650 ## - SUBJECT ADDED ENTRY--TOPICAL TERM
Topical term or geographic name as entry element Reproduction (biological) - Bangladesh
9 (RLIN) 9707
773 ## - HOST ITEM ENTRY
Main entry heading Indian Journal of Regional Science
906 ## - LOCAL DATA ELEMENT F, LDF (RLIN)
Subject DIP Marriage - Bangladesh
942 ## - ADDED ENTRY ELEMENTS (KOHA)
Item type Articles
Holdings
Withdrawn status Lost status Source of classification or shelving scheme Damaged status Not for loan Permanent location Current location Date acquired Serial Enumeration / chronology Barcode Date last seen Koha item type
          Indian Institute of Public Administration Indian Institute of Public Administration 2019-09-04 51(1), Jun, 2019: p.64-77. AR120762 2019-09-04 Articles

Powered by Koha